000 01393nam a2200277Ia 4500
999 _c39775
_d39775
001 6380
003 GE_BSU
005 20191125122038.0
008 181216s1989||||ge |||||||||||||| ||geo||
020 _a5505011853
040 _cGE_BSU
041 _ageo
080 _a821.353.1-31 გ-59
100 _aგოგებაშვილი, იაკობ
_95552
245 _aრჩეული თხზულებანი 5 ტომად :
_bტ. 2 /
_cშემდგ.: ვ. გაგუა, დ. გურგენიძე, გ. სიხარულიძე, ლ. ქაჯაია ; მხატვ.: ა. თოდრია;
264 _aთბილისი :
_bგანათლება,
_c1990.
300 _a511 გვ.;
_b20 სმ.
653 _a ქართული ლიტერატურის ისტორია და კრიტიკა
700 _aგაგუა, ვ.
_eშემდგენელი
_94471
700 _aგურგენიძე, დ.
_eშემდგენელი
_92207
700 _aსიხარულიძე, გ.
_eშემდგენელი
_95553
700 _aქაჯაია, ლ.
_eშემდგენელი
_93428
700 _aსიხარულიძე, გ.
_eრედაქტორი
_95554
700 _aთოდრია, ა.
_eმხატვარი
_95555
942 _cBK
_2udc